Connais-tu l'Hymne National ? 🇫🇷🇫🇷 - Statistiques

Statistiques générales
  • Ce quiz a été pris 28 fois
    20 depuis la dernière actualisation
  • Le résultat moyen est 10 sur 14
Statistiques - réponses
Hint Réponse % Correct
Couplet : Allons enfants de la patrie
100%
Le jour de gloire est arrivé
100%
L'étendard sanglant est levé
83%
L'étendard sanglant est levé
83%
Contre nous de la tyrannie
78%
Mugir ces féroces soldats?
72%
Refrain : Aux armes, citoyens
67%
Qu'un sang impur
67%
Abreuve nos sillons
61%
Marchons marchons
61%
Formez vos bataillons
56%
Entendez-vous dans les campagnes
50%
Ils viennent jusque dans vos bras
50%
Égorger vos fils, vos compagnes
22%
Aucun quiz correspondant
Distribution des résultats
% des personnes avec chaque résultat
Percentile par nombre de réponses
Votre historique - résultats
Vous n’avez pas pris ce quiz depuis la dernière actualisation